000 00545nam a2200181Ia 4500
008 090201s9999 xx 000 0 und d
010 _aKPL-66355
040 _bमराठी
041 _aमराठी
082 _a3472
_b66355
100 _aपु. ल. देशपांडे
245 _aअंमलदार
_cपु. ल. देशपांडे
250 _a11
260 _c2004
_bश्रीविद्या प्रकाशन
300 _a93
_bमोठा
600 _aअंमलदार
942 _cBOOK
999 _c204597
_d204597